BSOP header

聖經希伯來文初階習作 Basics of Biblical Hebrew : (Record no. 34912)

MARC details
000 -LEADER
fixed length control field 01184nam a2200241 4500
008 - FIXED-LENGTH DATA ELEMENTS--GENERAL INFORMATION
fixed length control field 101028s©200 ch m a000 0 chi d
020 ## - INTERNATIONAL STANDARD BOOK NUMBER
International Standard Book Number 0789570471878 :NT350.00/280.00/Php400.39
090 ## - LOCALLY ASSIGNED LC-TYPE CALL NUMBER (OCLC); LOCAL CALL NUMBER (OCLC)
Classification number (OCLC) (R) ; Classification number, CALL (RLIN) (NR) PJ4567.3
Local cutter number (OCLC) ; Book number/undivided call number, CALL (RLIN) P89w
-- 2009
-- c.3
100 1# - MAIN ENTRY--PERSONAL NAME
Personal name Pratico, Gary Davis.
245 10 - TITLE STATEMENT
Title 聖經希伯來文初階習作 Basics of Biblical Hebrew :
Remainder of title workbook {ch}/
Statement of responsibility, etc Gary D. Pratico and胡維華 翻譯 Miles Van Pelt.
260 ## - PUBLICATION, DISTRIBUTION, ETC. (IMPRINT)
Place of publication, distribution, etc Taibei Xian Zhonghe Shi :
Name of publisher, distributor, etc 中華福音神學院出版社 Zhonghua fu yin shen xue yuan chu ban she,
Date of publication, distribution, etc ©2009.
300 ## - PHYSICAL DESCRIPTION
Extent vi, 304 p. ;
Dimensions 28 cm.
490 1# - SERIES STATEMENT
Series statement 研經工具叢書 Yan jing gong ju cong shu.
500 ## - GENERAL NOTE
General note Includes index.
500 ## - GENERAL NOTE
General note Text in Chinese and Greek.
500 ## - GENERAL NOTE
General note Translation of: Basics of biblical Hebrew--grammar / by Gary D. Pratico and Miles V. Van Pelt ; Grand Rapids, Mich. : Zondervan, c2007. Includes index.
650 #4 - SUBJECT ADDED ENTRY--TOPICAL TERM
Topical term or geographic name as entry element Bible. O.T. Language, style {ch}.
650 #4 - SUBJECT ADDED ENTRY--TOPICAL TERM
Topical term or geographic name as entry element Bible. O.T.
General subdivision Language, style
-- Problems, exercises, etc.
650 #4 - SUBJECT ADDED ENTRY--TOPICAL TERM
Topical term or geographic name as entry element Hebrew language
General subdivision Grammar {ch}.
951 ## - EQUIVALENCE OR CROSS-REFERENCE-GEOGRAPHIC NAME/AREA NAME [OBSOLETE] [CAN/MARC only]
General subdivision 00039611
700 1# - ADDED ENTRY--PERSONAL NAME
Personal name Van Pelt, Miles V.,
Dates associated with a name 1969-
951 ## - EQUIVALENCE OR CROSS-REFERENCE-GEOGRAPHIC NAME/AREA NAME [OBSOLETE] [CAN/MARC only]
-- C-9960
-- REF-CHPJ4567.3/P89w/2009/c.3
-- 101028133132500
-- 2000-12-21
Holdings
Withdrawn status Lost status Damaged status Not for loan Home library Current library Date acquired Accession number Shelving control number Total Checkouts Full call number Barcode Date last seen Price effective from Koha item type
        BSOP Library BSOP Library 12/21/2000 C-9960 127   REF-CHPJ4567.3/P89w/2009/c.3 00039611 02/23/2013 02/23/2013 Books
BSOP

Biblical Seminary of the Philippines
  All rights Reserved
  © 2024

CONTACT INFORMATION

Biblical Seminary of the Philippines,
  77-B Karuhatan Road, Valenzuela City,
  PHILIPPINES 1441
  Phone: +632 8292-6795 / 8292-6798
  Fax : +632 8292-6675
  Email: library@bsop.edu.ph